Úspech rodí aj nové problémy sledovať dôležité organizačné aspekty historického vývoja firmy

Dve základné, striedajúce sa etapy vo vývoji firmy. Faktory, ovplyvňujúce rozvoj firmy. Popis piatich fáz rozvoja firmy z hľadiska organizačného usporiadania a manažmentu firmy. Prekonávanie rôznych problémov charakteristických pre tú-ktorú fázu rozvoja.

Gespeichert in:
Bibliographische Detailangaben
1. Verfasser: Čunderlík, Dušan
Format: Buchkapitel
Sprache:Slowakisch
Schlagworte:
Tags: Tag hinzufügen
Keine Tags, Fügen Sie das erste Tag hinzu!

MARC

LEADER 00000naa a2200000 4500
001 r032139
005 20230824094854.3
041 0 |a slo 
044 |a SK 
245 1 0 |a Úspech rodí aj nové problémy  |b sledovať dôležité organizačné aspekty historického vývoja firmy  |c Dušan Čunderlík 
520 |a Dve základné, striedajúce sa etapy vo vývoji firmy. Faktory, ovplyvňujúce rozvoj firmy. Popis piatich fáz rozvoja firmy z hľadiska organizačného usporiadania a manažmentu firmy. Prekonávanie rôznych problémov charakteristických pre tú-ktorú fázu rozvoja. 
610 2 0 |a rozvoj podniku 
610 2 0 |a vývoj podniku 
610 2 0 |a štruktúra podniku organizačná 
610 2 0 |a manažment 
610 2 0 |a byrokracia 
610 2 0 |a podnik 
610 2 0 |a rozhodovanie podnikové 
100 1 |a Čunderlík, Dušan